| 000 | 01196nam a22002177a 4500 | ||
|---|---|---|---|
| 999 |
_c59687 _d59687 |
||
| 003 | Ge_BSU | ||
| 005 | 20230403103823.0 | ||
| 008 | 230403s2017 ge ||||| |||| 00| 0 geo d | ||
| 041 | _ageo | ||
| 080 | _a28 ქ-60 | ||
| 100 |
_aქონრაფა, ზექაი მ. _917426 |
||
| 245 |
_aშუამავალი (ს.ა.ვ.) / _cთარგმნა თამაზ მიქელაძემ ; თეოლ. რედაქტორი რეზო მიქელაძე ; ქართველ მუსლიმთა საერთაშორისო საქველმოქმედო ფონდი. |
||
| 264 |
_aბათუმი : _bერქამი, _c[2017] |
||
| 300 |
_a568 გვ. ; _b24 სმ. |
||
| 653 | _aისლამი | ||
| 653 | _aრელიგია | ||
| 700 |
_aმიქელაძე, თამაზ _eმთარგმნელი _96966 |
||
| 700 |
_aმიქელაძე, რეზო _eთეოლ. რედაქტორი _917427 |
||
| 710 |
_aქართველ მუსლიმთა საერთაშორისო საქველმოქმედო ფონდი. _917428 |
||
| 942 |
_2udc _cBK |
||